| 000 | nam a22 7a 4500 | ||
|---|---|---|---|
| 999 |
_c128311 _d128311 |
||
| 008 | 181005b xxu||||| |||| 00| 0 eng d | ||
| 020 | _a9780753522752 | ||
| 050 | _aHD9696.8. U64 F335 2010 | ||
| 100 |
_aKirkpatrick, David _942751 |
||
| 245 |
_aThe facebook effect: _bthe real inside story of Mark Zuckerberg and the world's fastest-gowing company _c/by David Kirkpatrick |
||
| 260 |
_aGreat Britin: _bVirgin books, _c2010. |
||
| 300 |
_a374p.; _c20cm. |
||
| 650 |
_aFacebook (firm) _942752 |
||
| 650 |
_aInternet industry _zUnited States _9955 |
||
| 650 |
_aOnline social networks _xHistory _942753 |
||
| 942 |
_2lcc _cMONOGRAPH |
||